El futbolero [juego] /
Guardado en:
| Formato: | Objeto Físico |
|---|---|
| Publicado: |
Argentina :
Maldón,
2014.
|
| Materias: | |
| Etiquetas: |
Agregar Etiqueta
Sin Etiquetas, Sea el primero en etiquetar este registro!
|
| LEADER | 00736nrm a22001695g 4500 | ||
|---|---|---|---|
| 001 | CEM.cems019320 | ||
| 008 | 130507s2014##################0###0#####d | ||
| 005 | 20220830114938.0 | ||
| 003 | CEMS | ||
| 245 | 0 | 0 | |a El futbolero [juego] / |c Maldón. |
| 260 | |a Argentina : |b Maldón, |c 2014. | ||
| 300 | |a 1 juego (1 tablero, 64 fichas-pelota, 500 tarjetas-preguntas, 40 cartas-acción) ; en caja 22 x 27 x 7 cm. + manual de instrucciones. | ||
| 500 | |a Para 2 a 4 jugadores a partir de 17 años objetivo: formar dos líneas de gol en el tablero contestando bien las preguntas de fútbol. | ||
| 082 | 0 | 4 | |a J793.73 |
| 653 | |a 1. juegos de preguntas y respuestas | ||
| 653 | |a 2. juegos de fútbol | ||
| 859 | |a CEMS |b BIB. CEMS - Ludoteca |h J793.73 |i M293 |p 413.15 |t Ej.1 | ||
